000 00599nam a2200205Ia 4500
999 _c27313
_d27313
003 OSt
005 20210421121422.0
008 160316s1851 xxu||||| |||| 00| 0 eng d
040 _cn
082 _a364.150000
_bTHO
100 _aThornton
245 _aIllustrations of the history and practices of the thugs
260 _aLondon
_bNattalli & Bond
_c1851
300 _a475p
365 _b Rs. 745
650 _a1. Thugs - Indic Criminal Group
700 _a
_a
856 _uhttps://ia802707.us.archive.org/13/items/illustrationshi00thorgoog/illustrationshi00thorgoog.pdf
942 _2ddc
_cBK